000 00695nam a2200265Ia 4500
005 20250425161825.0
008 250425s9999 xx 000 0 und d
020 _a0262100711
041 _aeng
082 _a330.015195
100 _aJUDD, KENNETH L.
245 0 _aNUMERICAL METHODS IN ECONOMICS
250 _aS.E.
260 _aEstados Unidos
_bMASSACHUSSETTS INSTITUTE OF TECHNOLOGY
_c1998
260 _aS.L.
300 _a633
650 _aECONOMIA MATEMATICA
650 _aECONOMIA MATEMATICA
650 _aECONOMIA-METODOS ESTADISTICOS
650 _aECONOMIA-METODOS ESTADISTICOS
650 _aOPTIMIZACION
650 _aOPTIMIZACION
942 _c01
010 _a31144
999 _c216830
_d216830